| 000 | 00846nam a22002415a 4500 | ||
|---|---|---|---|
| 005 | 20150726112615.0 | ||
| 008 | 150625s2012 ii a fr 001 0 eng d | ||
| 020 | _a9788122433975 | ||
| 040 |
_aEG-ScBUE _beng _cEG-ScBUE |
||
| 082 | 0 | 4 |
_a621.9023 _bRAD _222 |
| 100 | 1 |
_aRadhakrishnan, P. _d1944- _q(Pezhingattil), _938243 |
|
| 245 | 1 | 0 |
_aComputer numerical control machines and computer aided manufacture / _cP. Radhakrishnan. |
| 250 | _a1st ed. | ||
| 260 |
_aNew Delhi : _bNew Age International (P.) Limited, Publishers, _c2012. |
||
| 300 |
_avii, 443 p. : _bill. ; _c25 cm. |
||
| 500 | _aIndex : p. 439-443. | ||
| 650 | 0 |
_aMachine-tools _x Numerical control. _2BUEsh |
|
| 650 | 0 |
_aComputer-aided design. _2BUEsh |
|
| 651 | _2BUEsh | ||
| 653 |
_bENGGEN _cJune2015 _cJuly2015 |
||
| 655 |
_vreading book _934232 |
||
| 942 |
_2ddc _k621.9023 RAD |
||
| 999 |
_c19932 _d19904 |
||